Duchonka Priehradné jazero

Zobrazenie: Tri čiastkové pohľady, každý v bielom orámovaní, všetky spolu v strieborno-bielom orámovaní. V prvom pohľade je hore strieborným písmom na oranžovom podklade názov. Pohľad na trávnatý breh, v popredí je vysoká breza. Vľavo aj vpravo za ňou sú na okraji pri brehu vysoké trávy a rákosie. V...

Full description

Bibliographic Details
Other Authors: Šmátrala, Milan (fotograf) (Photographer), Jurisa, Eugen, 1908-1994 (Photographer), Ondrejkovič, Ivan, 1935-1998 (Photographer)
Format: Photo
Language:Slovak
PhysicalDescription:1 pohľadnica (3 čiastkové pohľady) farebná 11 x 15 cm
Published: Bratislava ČSTK-Pressfoto 1988
Subjects:

MARC

LEADER 00000ckm a2200000 a 4500
001 vtls001200811
003 SK-MaSNL
005 20260331202807.0
007 kf co
008 180703s1988 xo g 0kuslo
015 |a SNBG1988 
035 |a SNK000143881 
040 |a SNK  |b slo  |c SNK  |e AACR2 
041 0 |a slo 
043 |a e-xo--- 
044 |a xo  |c SK 
072 7 |a 908(437)  |x Vlastiveda Česka a Slovenska  |2 konspekt 
080 |a 913(437.6)  |2 2011 
080 |a 908(437.6)  |2 2011 
080 |a 711.455  |2 2011 
080 |a 630*10  |2 2011 
080 |a 627.81  |2 2011 
080 |a (084.121)  |2 2011 
100 1 |a Šmátrala, Milan  |c (fotograf)  |4 pht  |9 164919 
245 1 0 |a Duchonka  |h grafika  |b Priehradné jazero  |c foto: M. Šmátrala, E. Jurisa, I. Ondrejkovič ; výtvarný návrh: K. Izakovič 
246 1 |i Názov na obrazovej časti:  |a Duchonka 
260 |a Bratislava  |b ČSTK-Pressfoto  |c 1988  |e Skalica  |f Grafobal 
300 |a 1 pohľadnica (3 čiastkové pohľady)  |b farebná  |c 11 x 15 cm 
520 8 |a Zobrazenie: Tri čiastkové pohľady, každý v bielom orámovaní, všetky spolu v strieborno-bielom orámovaní. V prvom pohľade je hore strieborným písmom na oranžovom podklade názov. Pohľad na trávnatý breh, v popredí je vysoká breza. Vľavo aj vpravo za ňou sú na okraji pri brehu vysoké trávy a rákosie. Vľavo je na drevenom móle nad vodnou nádržou muž a žena. V pozadí je na druhom brehu vidno hustý les. Vľavo hore zasahuje do záberu konár ihličnatého stromu. Pohľad na trávnatý breh plný slniacich sa ľudí. Vľavo sú za nimi vysoké brezy, vpravo je blízko pri vode ďalšia. Vo vode vpravo je niekoľko plavcov a v pozadí sú rôzne plavidlá. Vpravo v diaľke je husto zalesnený breh. Pohľad na tri ženy sediace na okraji brehu vodnej nádrže. V pozadí je vo vode množstvo ľudí blízko druhého brehu, ktorý je husto zalesnený 
650 0 7 |a vodné nádrže  |2 SNKPH  |9 4190 
650 0 7 |a rekreačné oblasti  |2 SNKPH  |9 69057 
650 0 7 |a lesy  |2 SNKPH  |9 1437 
651 7 |a Duchonka (Slovensko : vodná nádrž)  |2 SNKPHgeo  |9 53125 
655 7 |a geografické pohľadnice  |2 SNKPH  |9 70522 
655 7 |a miestne pohľadnice  |2 SNKPH  |9 70510 
700 1 |a Jurisa, Eugen,  |d 1908-1994  |4 pht  |9 7598 
700 1 |a Ondrejkovič, Ivan,  |d 1935-1998  |4 pht  |9 7599 
700 1 |a Izakovič, K.  |c (grafik)  |4 art  |9 179239 
958 |a GBN 
958 |a GC 
958 |a OND 
999 |c 624549  |d 626479 
952 |a SNK  |b SNK  |y PREZ  |7 0  |p 17A1281668  |o snkSP 139416  |i snk1723/88  |0 0  |1 0  |4 0  |d 2021-06-17  |f 1  |l 0  |r 2026-02-23 17:06:12  |w 2026-02-23 
952 |a SNK  |b SNK  |y PREZ  |7 0  |p 17A1281667  |o snkSP 139416 D1  |i snk1724/88  |0 0  |1 0  |4 0  |d 2021-06-17  |l 0  |r 2026-02-23 17:06:12  |w 2026-02-23